Ciclismo básico

I tiakina i:
Ngā taipitopito rārangi puna kōrero
Kaituhi matua: Hernández Sánchez, José Luis (Author)
Hōputu: Pukapuka
Reo:Pāniora
I whakaputaina: Madrid Alhambra 1986
Rangatū:Deporte y sociedad, 12
Ngā marau:
Ngā Tūtohu: Tāpirihia he Tūtohu
Kāore He Tūtohu, Me noho koe te mea tuatahi ki te tūtohu i tēnei pūkete!

MARC

LEADER 00000nam a2200000 a 4500
001 UCW3819
003 CL-VaPUC
008 890411e19860000SP |||||||||||||||||spa|d
082 0 4 |a 796.6  |b HER  |2 21 
100 0 |a Hernández Sánchez, José Luis  |e author  |9 308215 
245 1 0 |a Ciclismo básico 
300 |a 95 p 
942 |c BK 
945 |d 19890411 00:00:00 
260 |a Madrid  |b Alhambra  |c 1986 
650 7 |a CICLISMO  |2 CL-VaPUC  |9 308216 
650 7 |a BICICLETAS  |2 CL-VaPUC  |9 308217 
583 |a last modification  |c 19890411 00:00:00  |k Rodrigo Vera 
490 0 |a Deporte y sociedad, 12 
999 |c 217705  |d 217703 
952 |0 0  |1 0  |4 0  |6 796_600000000000000_HER_1986  |7 0  |8 A  |9 205804  |a BIBEDU  |b BIBEDU  |d 2019-11-15  |i 2737434  |o 796.6 HER 1986  |p 2737434  |r 2019-11-15  |w 2019-11-15  |y BK  |k EDU